|
|
|
|
| LEADER |
01469nam a2200289 a 4500 |
| 001 |
26317 |
| 003 |
BD-DhAAL |
| 008 |
121128s2012 ii 001 0aeng d |
| 999 |
|
|
|c 12974
|d 12974
|
| 020 |
|
|
|a 9789849027102
|
| 040 |
|
|
|a BD-DhAAL
|c BD-DhAAL
|
| 082 |
0 |
4 |
|a 070.92
|2 23
|
| 100 |
1 |
|
|a Nayar, Kuldip,
|d 1923-
|9 50878
|
| 245 |
1 |
0 |
|a Beyond the lines :
|b an autobiography /
|c Kuldip Nayar.
|
| 260 |
|
|
|a New Delhi :
|b Roli Books ;
|a Dhaka :
|b Daily Star Books,
|c 2012.
|
| 300 |
|
|
|a xii, 464 pages :
|b illustrations ;
|c 23 cm.
|
| 500 |
|
|
|a Includes index.
|
| 520 |
|
|
|a Autobiography of an Indian journalist, author, diplomat and parliamentarian.
|
| 541 |
|
|
|a Donated By Akbar Ali Khan
|e 26317, 39291
|
| 600 |
1 |
0 |
|a Nayar, Kuldip,
|d 1923-
|9 50878
|
| 650 |
|
0 |
|a Journalists
|z India
|v Biography.
|9 50879
|
| 651 |
0 |
|
|a India
|x Politics and government
|y 1947-
|9 50880
|
| 852 |
1 |
|
|a Ayesha Abed Library
|c General Stacks
|
| 942 |
|
|
|2 ddc
|c BK
|
| 952 |
|
|
|0 0
|1 0
|4 0
|6 070_920000000000000_NAY
|7 0
|9 21472
|a BRACUL
|b BRACUL
|c GEN
|d 2012-11-28
|e Daily Star Books
|g 550.00
|l 2
|o 070.92 NAY
|p 3010026317
|r 2014-04-16
|s 2014-04-09
|t 1
|w 2012-11-28
|y BK
|
| 952 |
|
|
|0 0
|1 0
|4 0
|6 070_920000000000000_NAY
|7 0
|9 21473
|a BRACUL
|b BRACUL
|c GEN
|d 2012-11-28
|e Daily Star Books
|g 550.00
|l 4
|m 12
|o 070.92 NAY
|p 3010026318
|r 2025-11-11
|s 2025-10-08
|t 2
|w 2012-11-28
|y BK
|
| 952 |
|
|
|0 0
|1 0
|2 ddc
|4 0
|6 070_920000000000000_NAY
|7 1
|9 71698
|a BRACUL
|b BRACUL
|c AAKC
|d 2022-08-16
|e Donated by Akbar Ali Khan
|l 0
|o 070.92 NAY
|p 3010039291
|r 2022-08-16
|t 3
|w 2022-08-16
|y BK
|